000 01252nam a2200313 c 4500
003 BLK
005 20180420233135.0
008 180409b bul|||||r ||||||| ||bul||
010 _aKNG00146624000
040 _aBLK
041 _aBUL
_cBUL
080 _aБългарска литература
_b821.163.2
_x-93-32
_z821.163.2-93-32
100 1 _aКараджов, Светлозар
_eпърви автор
_9327144
700 1 _aСпиридонов, Симеон Димитров
_eхудож.
_9277676
139 _aКараджов, Светлозар
_bК 30
245 1 0 _aСанитари на морето
_bРазказ за деца
_cСветлозар Караджов; худож. Симеон Димитров Спиридонов.
257 _aBGR
260 София
_bОтечество
_c1979
300 _a48 с.
_bс ил.
_c33 см
380 _aDX
500 _a30 115 тир.
653 _aлитература за деца
653 _aдетска литература
852 _aЦб ІІ 18344
856 4 _qpdf
_u
856 4 _qpdf
_u
942 _cKNG
_n0
944 _aCR
_c19.07.2013
_l19.07.2013 - от С1,Р / 19.07.2013
_kПетя_Минчева
944 _aED
_c12.09.2017
_l19.07.2013 - от С1,Р / 19.07.2013
_kВася_Ганчева
999 _c140557
_d140557